000 00799nam a22001817a 4500
005 20250317153302.0
010 _aHIN-129470
020 _a978818777059
_c500.00
035 _aHN-101816
037 _bDBAD
082 _a
100 _aवर्मा, सुरेश कुमार
_979688
245 _aमहाराजा छत्रसाल :
_cसुरेश कुमार वर्मा
_bबुन्देलखण्ड की अप्रतिम शौर्यगाथा /
260 _aइलाहाबाद
_bमानस पब्लिकेशन्स
_c2016
270 _a52, तुलारामबाग,
_bइलाहाबाद
_e211006
300 _a198पृ.
_c22सेमी. (सजिल्द)
942 _2ddc
_cHN
_h
_mवर्मासु
999 _c210329
_d210329